Libros proféticos.

Uloženo v:
Podrobná bibliografie
Hlavní autor: Barriocanal, José Luis (autor)
Další autoři: Ramis, Francisco (autor), Ausín, Santiago (autor)
Médium: Kniha
Jazyk:angličtina
Vydáno: Navarra, España: EVD (Editorial Verbo Divino), 2023.
Edice:Introducción al Estudio de la Biblia (IEB)
Témata:
Tagy: Přidat tag
Žádné tagy, Buďte první, kdo vytvoří štítek k tomuto záznamu!

MARC

LEADER 00000nam a2200000 4500
003 CL-VaPUC
005 20230927163313.0
008 230922t2023 ||||| |||| 00| 0 eng d
999 |c 441738  |d 441736 
020 |a 978-84-9073-875-7 
040 |c Pontificia Universidad Católica de Valparaíso 
082 |2 22  |a 224 BAR 2023 
100 |a Barriocanal, José Luis   |9 884447  |e autor 
245 |a Libros proféticos. 
260 |a Navarra, España:  |b EVD (Editorial Verbo Divino),  |c 2023. 
300 |a 750 páginas. 
490 |a Introducción al Estudio de la Biblia (IEB)  |n  4. 
583 |k Cristina María Rojas Aguilar  |c 20230922 
650 0 |9 257603  |a Biblia  |x Profetas mayores y menores   |x Antiguo Testamento  
650 0 |a Biblia   |x Profecías   |v Crítica e interpretación   |9 884722 
700 |9 884719  |a Ramis, Francisco   |e autor 
700 |9 884720  |a Ausín, Santiago   |e autor 
942 |2 ddc  |c BK 
952 |0 0  |1 0  |2 ddc  |4 0  |6 224_000000000000000_BAR_2023  |7 0  |8 A  |9 591641  |a BIBTEO  |b BIBTEO  |c GEN  |d 2023-09-22  |e 8  |g 39900.00  |i 5658742  |l 5  |m 1  |o 224 BAR 2023  |p 5658742  |r 2025-01-17  |s 2024-07-04  |t 1  |v 39900.00  |w 2023-09-22  |y BK  |k ICR